Statistiques concernant Les 11 dessins animés de Don Bluth

Cliquez ici pour prendre le quiz!

Statistiques générales

  • Ce quiz a été pris 60 fois
  • Le résultat moyen est 5 sur 11

Statistiques - réponses

AnnéeTitre% Correct
1997Anastasia
80%
1986Fievel et le Nouveau Monde
70%
1982Brisby et le Secret de NIMH
68%
1988Le Petit Dinosaure et la Vallée des merveilles
58%
1994Poucelina
54%
1989Charlie
46%
2000Titan A.E.
36%
1991Rock-O-Rico
34%
1999Bartok le Magnifique
28%
1994Le Lutin magique
22%
1995Youbi le petit pingouin
18%

Distribution des résultats

Percentile par nombre de réponses

% des personnes avec chaque résultat

Votre développement - résultats

Vous n’avez pas pris ce quiz